000 00914aam a2200325 i 4500
001 768714001
003 CO-MdFUSB
005 20250429095028.0
007 ta
008 250429t1977 sp |||| |||| 00| 0 spa d
020 _a84-7057-106-0
040 _cCO-MdFUSB
041 0 _aspa
082 0 4 _a239
_223
_bK689s
100 1 _aKüng, Hans (1928-)
_eautor
240 _aChrist sein
245 1 0 _aSer Cristiano
_c/ Hans Küng ; traducido por J. Mª. Bravo Navalpotro
250 _acuarta edición
264 1 _bEdiciones Cristiandad,
_aMadrid, España :
_c[1977]
264 4 _c©1977
300 _a764 páginas
336 _atexto
_btxt
_2rdacontent
337 _2rdamedia
_asin mediación
_bn
338 _2rdacarrier
_avolumen
_bnc
563 _aPasta dura
650 7 _aApologética
_9187
700 _aBravo Navalpotro, José María,
_911303
_etraductor
942 _cBK
945 _aJTF-925
999 _c35249
_d35249